Tekst piosenki "Długość dźwięku samotności" - Statystyki

Ogólne statystyki
  • Ten quiz został rozwiązany 216 razy
  • Średni wynik to 34 z 40
Statystyki odpowiedzi
Tekst: Brakujące Słowa: % Poprawnych
I nawet kiedy będę ... Sam
100%
I nawet kiedy będę ... Sam
100%
I nawet kiedy będę ... Sam
100%
I nawet kiedy będę ... Sam
100%
I nawet kiedy będę ... Sam
100%
Nie ... się, to nie mój świat Zmienię
99%
Nie ... się, to nie mój świat Zmienię
99%
Nie ... się, to nie mój świat Zmienię
99%
Nie ... się, to nie mój świat Zmienię
99%
Nie ... się, to nie mój świat Zmienię
99%
Przede mną ..., którą znam Droga
98%
Przede mną ..., którą znam Droga
98%
Przede mną ..., którą znam Droga
98%
Przede mną ..., którą znam Droga
98%
Przede mną ..., którą znam Droga
98%
Którą ja ... sam Wybrałem
96%
Którą ja ... sam Wybrałem
96%
Którą ja ... sam Wybrałem
96%
Którą ja ... sam Wybrałem
96%
Którą ja ... sam Wybrałem
96%
Wiesz, lubię ... Wieczory
86%
Noc, a nocą, gdy nie ... Śpię
85%
Wejść na ... i patrzeć w niebo Drzewo
84%
... muszę być Idealny
83%
Pobyć chwilę sam, chyba go ... Znam
80%
Lubię się ... na jakiś czas Schować
79%
Setki ... i już, to nie ja Bzdur
78%
Tutaj też wiem kolejny ... Raz
76%
Tak, zawsze ... Genialny
75%
I muszę chcieć, super ... i już Luz
75%
Chciałby tak przez ... lat Kilka
74%
I jeszcze ..., nie wiem kto Ktoś
73%
Chemiczny świat, pachnący ... Szarością
68%
Trochę przesadnie, ... sam Pobyć
67%
Nie mam ... być kim chcę Szans
66%
I jakoś tak, ... Nienaturalnie
64%
..., choć nie chcę spojrzeć na Wychodzę
64%
Z ... miłością, gdzie ty i ja Papieru
62%
Tak zwyczajnie, ... że Tylko
54%
Zbyt ... i trochę przesadnie Zachłannie
52%
Nie znaleziono quizów pasujących do podanych kryteriów
Rozkład punktacji
Procent ludzi z każdym wynikiem
Percentyl według liczby udzielonych odpowiedzi
Twoja historia wyników
Nie rozwiązałeś tego quizu